00433nam a2200169Ia 4500008004100000041000800041082002100049100003300070245003700103250000800140260004000148300000800188365000800196500001400204501000800218650003700226230725s1986 xx 000 0 und d aeng a615.321bWIL/MER aWILLARD H. H., MERRITT L. L. aINSTRUMENTAL METHODS OF ANALYSIS a7TH bCBS PUBLISHERS & DISTRIBUTORSc1986 a895 h20% aTEXT BOOK aIMA aINSTRUMENTAL METHODS OF ANALYSIS